| 000 | 00466nam a2200181Ia 4500 | ||
|---|---|---|---|
| 005 | 20250508152148.0 | ||
| 008 | 008 250505s9999 xx 000 0 eng d | ||
| 037 | _aTextual | ||
| 040 |
_aFEDL _beng _cFEDL |
||
| 041 |
_aeng _2eng |
||
| 084 |
_a378, COO _qFEDL |
||
| 100 |
_aCooper Russell M _9757831 |
||
| 245 | 0 | _aBetter colleges better teachers | |
| 260 | _c1946 | ||
| 300 | _aviii,167p | ||
| 942 |
_cTEXL _h378, COO |
||
| 999 |
_c1334670 _d1334670 |
||